00451nam a2200133 a 450000500170000000800410001702000150005805000240007324501170009726000470021430000220026152100090028365000250029220140310183210.0030224s19uu xx 00 eng d a8172401019 aHF 5549b.M266 1997 aManaging people successfully :b47 proven ideas for making you and your people more productive /cSara P. Noble. aNew Delhi :bGlobal business press,c1997. a130 p. :b22 cm.  aBSBA aPersonnel Management